Stolice reprezentacji Mistrzostw Świata w piłce nożnej 2026 - Statystyki

Ogólne statystyki
  • Ten quiz został rozwiązany 52 razy
  • Średni wynik to 37 z 48
Statystyki odpowiedzi
Państwo Stolica % Poprawnych
Niemcy Berlin
98%
Francja Paryż
98%
Holandia Amsterdam
96%
Belgia Bruksela
96%
Anglia Londyn
96%
Meksyk Meksyk
96%
Norwegia Oslo
96%
Czechy Praga
96%
Japonia Tokio
96%
Austria Wiedeń
96%
Chorwacja Zagrzeb
96%
Brazylia Brasília
94%
Egipt Kair
94%
Portugalia Lizbona
94%
Bośnia i Hercegowina Sarajewo
94%
Hiszpania Madryt
92%
Korea Południowa Seul
92%
Szwecja Sztokholm
92%
Argentyna Buenos Aires
90%
Kanada Ottawa
90%
Stany Zjednoczone Waszyngton
88%
Turcja Ankara
86%
Szwajcaria Berno
86%
Australia Canberra
86%
Maroko Rabat
86%
Iran Teheran
84%
Tunezja Tunis
84%
Algieria Algier
82%
Panama Panama
78%
Arabia Saudyjska Rijad
78%
Kolumbia Bogota
76%
Szkocja Edynburg
74%
Urugwaj Montevideo
74%
Nowa Zelandia Wellington
74%
Irak Bagdad
72%
Senegal Dakar
72%
Republika Południowej Afryki Pretoria | Kapsztad | Bloemfontein
68%
Ekwador Quito
68%
Katar Doha
60%
Jordania Amman
56%
Demokratyczna Republika Konga Kinszasa
54%
Ghana Akra
50%
Uzbekistan Taszkent
48%
Haiti Port-au-Prince
46%
Paragwaj Asunción
42%
Republika Zielonego Przylądka Praia
26%
Wybrzeże Kości Słoniowej Jamusukro
24%
Curaçao Willemstad
20%
Nie znaleziono quizów pasujących do podanych kryteriów
Rozkład punktacji
Procent ludzi z każdym wynikiem
Percentyl według liczby udzielonych odpowiedzi
Twoja historia wyników
Nie rozwiązałeś tego quizu